Представление документа в формате RUSMARC

ПолеНазваниеЗначение
  Тип записи a
  Библиографический уровень m
001 Контрольный номер 789524c86e8a46dcb46961634b62d50a
005 Дата корректировки 20201206204440.7
010 Индекс ISBN __
d Цена 0-70
101 Язык документа __
a Язык текста rus
c Язык оригинала rus
200 Заглавие и сведения об ответственности 1_
a Заглавие Сокровища Аба-Туры
e Сведения, относящиеся к заглавию ист. повествование
f Первые сведения об ответственности Юрий Могутин
b Общее обозначение материала Текст
210 Выходные данные __
a Место издания Новосибирск
c Издательство Зап.-Сиб. кн. изд-во
d Дата издания 1978
215 Физическое описание __
a Объем 412, [2] с.
330 Аннотация __
a Аннотация О русских первопроходцах земли Кузнецкой, об основании первых поселений на территории современного Кузбасса.
606 Тематические рубрики __
a Основная рубрика Художественная литература
z Хронологическая подрубрика 20 в.; 16 в.; 17 в.
y Географическая подрубрика Россия; СССР
606 Тематические рубрики __
a Основная рубрика Русская литература XX в. (произведения)
610 Ключевые слова __
a Ключевые слова советская литература; историческая проза; исторические повести; повести; тема России; тема Родины
686 Индексы других классификаций __
a Классификационный индекс 84(2Рос=Рус)6-4
700 Автор _1
a Фамилия Могутин
b Имя Ю. Н.
g Полное личное имя Юрий Николаевич
4 Код отношения 070
801 Источник записи _0
a Страна RU
b Организация Муниципальное бюджетное учреждение культуры "Централизованная библиотечная система" г. Сургут (Центральная городская библиотека им. А. С. Пушкина)
g Правила каталогизации КиК/Поспелова
801 Источник записи _1
a Страна RU
b Организация Муниципальное бюджетное учреждение культуры "Централизованная библиотечная система" г. Сургут (Центральная городская библиотека им. А. С. Пушкина)
g Правила каталогизации КиК/Поспелова
852 Данные о местонахождении __
j Шифр хранения 84(2Рос=Рус)6-4
c Каталожный индекс 84(2Рос=Рус)6-4
i Авторский знак М 74
p Инвентарный номер 38983
901 Тип документа __
t Тип документа m
903 Характеристики (МАРС) __
a Дата передачи 20061206
990 Данные о заказе (DOS) __
j Количество экземпляров (DOS) 1
t N записи в КСУ для И/У (DOS) ретро